000 00688nam a22002177a 4500
999 _c10049
_d10049
003 AR-CdUCM
008 190329b ||||| |||| 00| 0 spa d
020 _a978-968-16-5757-4
040 _aMUNICIPALIDAD PROVINCIAL DEL CUSCO
_cBIBLIOTECA MUNICIPAL DEL CUSCO
082 _aPI-0119 /
_bSAS / que
100 _aSastrías, Martha
_926675
245 _aQueta la vaca coqueta /
260 _aMéxico :
_bFondo de Cultura Económica,
_c1999.
300 _bilustración a color,
_c21 cm.
500 _aNo cuenta con numeración impresa.
650 _aLiteratura infantil
_9588
650 _aCuenta
_926676
700 _aMartínez, Enrique
_926677
942 _2ddc
_cLIBROS
945 _araen